000 00307nam a22001217a 4500
008 181101b xxu||||| |||| 00| 0 eng d
041 _aeng
080 _a821
100 _a24
101 _aGJU
245 _aShifting Gears Technology Literature Culture in modern America
_cCEcelia.t
942 _2udc
_cBK
999 _c51501
_d51501